Prime Ministers of Malaysia by Picture - Statistics

General Stats
  • This quiz has been taken 28 times
  • The average score is 8 of 9
Answer Stats
Picture Hint Answer % Correct
2022-Present Anwar Ibrahim
96%
2009-2018 Najib Razak
96%
1957-1970 Tunku Abdul Rahman
96%
1981-2003 | 2018-2020 Mahathir Mohamad
93%
1970-1976 Abdul Razak Hussein
89%
2003-2009 Abdullah Ahmad Badawi
85%
1976-1981 Hussein Onn
85%
2020-2021 Muhyiddin Yassin
85%
2021-2022 Ismail Sabri Yaakob
74%
No matching quizzes found
Score Distribution
Percent of People with Each Score
Percentile by Number Answered
Your Score History
You have not taken this quiz